Élimination par catégorie - Drapeaux n°1 - Statistiques

Statistiques générales
  • Ce quiz a été pris 167 415 fois
  • Le résultat moyen est 12 sur 20
Statistiques - réponses
Groupe # Catégorie % Correct
Vert 96 Drapeaux qui comportent du vert
99%
Vert 65 ... ainsi que du blanc
98%
Vert 23 ... ni en Afrique ni en Asie
95%
Vert 10 ... qui sont composés à plus de 33% de vert
91%
Bleu 104 Drapeaux qui comportent du bleu
89%
Orange 63 Drapeaux qui comportent du noir
87%
Violet 153 Drapeaux qui comportent du rouge
83%
Violet 112 ... ainsi que du blanc
83%
Violet 58 ... et du bleu aussi
82%
Violet 23 ... mais aucune autre couleur
80%
Orange 20 ... sous la forme d'une bande horizontale
78%
Bleu 23 ... qui ne comportent pas de blanc
67%
Orange 12 ... qui ont également du vert
44%
Bleu 11 ... mais qui ont une bande rouge
42%
Vert 1 ... et sur lequel figurent des mots Brésil
35%
Orange 5 ... qui n'appartiennent pas à un pays africain
28%
Bleu 6 ... ainsi qu'un symbole (emblème, étoiles,...)
27%
Violet 1 ... et sur lequel figurent pile 2 étoiles Panama
16%
Orange 1 ... sans écritures ou étoiles dessus Émirats
12%
Bleu 1 ... et qui appartiennent à un pays d'Asie Mongolie
10%
Aucun quiz correspondant
Distribution des résultats
% des personnes avec chaque résultat
Percentile par nombre de réponses
Votre historique - résultats
Vous n’avez pas pris ce quiz